000 00518nam a2200193Ia 4500
005 20260429112152.0
008 260429s9999||||xx |||||||||||||| ||und||
020 _a9789388264686
041 _aEnglish
082 _a300.721
_bKEV
100 _aKevin, S.
245 0 _aResearch methodology for social sciences /
_cS. Kevin
250 _a1st ed.
260 _aNew Delhi :
_bAne Books Pvt, Ltd.,
_c2025.
300 _axii, 212 p.; hb
650 _a Research methodology
650 _aSocial science
942 _cTB
999 _c52695
_d52695